书目信息 |
| 题名: |
国外液晶及其应用
|
|
| 作者: | 《国外液晶及其应用》编译组 编 | |
| 分册: | ||
| 出版信息: | 上海 上海科学技术情报研究所出版 1971.10 |
|
| 页数: | 149页 | |
| 开本: | 19cm | |
| 丛书名: | ||
| 单 册: | ||
| 中图分类: | O753 | |
| 科图分类: | ||
| 主题词: | 非晶态 , 类晶态 | |
| 电子资源: | ||
| ISBN: | ||
| 000 | 00634nam0 2200205 45 | |
| 001 | 0405201134 | |
| 005 | 20040921145213.1 | |
| 010 | @dCNY0.50 | |
| 100 | @a20040520d1919 km y0chiy0120 ea | |
| 101 | 0 | @achi |
| 105 | @aa z 000yy | |
| 200 | 1 | @a国外液晶及其应用@AGuo Wai Ye Jing Ji Qi Ying Yong@f《国外液晶及其应用》编译组编@F《Guo Wai Ye Jing Ji Qi Ying Yong》Bian Yi Zu Bian |
| 210 | @a上海@c上海科学技术情报研究所出版@d1971.10 | |
| 215 | @a149页@c彩图@d19cm | |
| 606 | 0 | @a非晶态 |
| 606 | 0 | @a类晶态 |
| 690 | @aO753@v3 | |
| 701 | 0 | @a《国外液晶及其应用》编译组@4编 |
| 801 | @aCN@bPftUser@c20040520 | |
| 905 | @dO753@e2@f1@b18002 | |
| 国外液晶及其应用/《国外液晶及其应用》编译组编.-上海:上海科学技术情报研究所出版,1971.10 |
| 149页:彩图;19cm |
| ISBN :CNY0.50 |
| ● |
| 相关链接 |
|
|
|
|
正题名:国外液晶及其应用
索取号:O753/2
 
预约/预借
| 序号 | 登录号 | 条形码 | 馆藏地/架位号 | 状态 | 备注 |
| 1 | 0018002 | 000627619 | 第三借阅区/ [索取号:O753/2] | 在馆 | |
| 2 | 0018003 | 000627600 | 第三借阅区/ [索取号:O753/2] | 在馆 |